Reticencias: pinturas Francisco Fernández
Gardado en:
| Formato: | Libro |
|---|---|
| Idioma: | Lingua castelá |
| Publicado: |
Bogotá
Centro Colombo-Americano
1994
|
| Subjects: | |
| Tags: |
Engadir etiqueta
Sen Etiquetas, Sexa o primeiro en etiquetar este rexistro!
|
MARC
| LEADER | 00000nam a2200000 a 4500 | ||
|---|---|---|---|
| 001 | UCK0157 | ||
| 003 | CL-VaPUC | ||
| 008 | 040915e19940000CK |||||||||||||||||spa|d | ||
| 082 | 0 | 4 | |a 759.986 |b RET |2 21 |
| 245 | 1 | 0 | |a Reticencias: pinturas Francisco Fernández |
| 300 | |a pág. irreg | ||
| 942 | |c BK | ||
| 945 | |d 20040915 00:00:00 |a cmena | ||
| 260 | |a Bogotá |b Centro Colombo-Americano |c 1994 | ||
| 600 | 0 | 7 | |a FERNANDEZ BAHAMON, FRANCISCO |2 CL-VaPUC |9 488028 |
| 650 | 0 | |a Pintura |9 265046 | |
| 650 | 0 | |a Artistas colombianos |9 488024 | |
| 650 | 0 | |a Exposiciones |9 265884 | |
| 583 | |a last modification |c 20040915 00:00:00 |k Rodrigo Vera | ||
| 999 | |c 310648 |d 310646 | ||
| 952 | |0 0 |1 0 |4 0 |6 759_986000000000000_RET_1994 |7 0 |8 R |9 379527 |a BIBART |b BIBART |d 2019-11-21 |i 4061047 |o 759.986 RET 1994 |p 4061047 |r 2025-03-13 |w 2019-11-21 |y BK_R |k ART | ||